| 000 | 00499nam a22001697a 4500 | ||
|---|---|---|---|
| 003 | OSt | ||
| 005 | 20260506042211.0 | ||
| 008 | 260506b |||||||| |||| 00| 0 eng d | ||
| 020 | _a9780446573061 | ||
| 040 |
_aDWCL Main Lib. _cOC |
||
| 082 | _aF B175f 2012 | ||
| 100 |
_aBaldacci, David _eAuthor |
||
| 245 |
_aThe forgotten / _cDavid Baldacci |
||
| 260 |
_aNew York : _bGrand Central Publishing, a division of Hachette Book Group, _cc2012. |
||
| 300 |
_a557 pages ; _c19cm. |
||
| 942 |
_2ddc _cFIC. _n0 |
||
| 999 |
_c10274 _d10274 |
||